Brevísima relación de la destrucción de los Incas

সংরক্ষণ করুন:
গ্রন্থ-পঞ্জীর বিবরন
প্রধান লেখক: Casa, Bartolomé de las
বিন্যাস: গ্রন্থ
প্রকাশিত: Buenos Aires. EUDEBA. (195?).
বিষয়গুলি:
ট্যাগগুলো: ট্যাগ যুক্ত করুন
কোনো ট্যাগ নেই, প্রথমজন হিসাবে ট্যাগ করুন!

MARC

LEADER 00000nam a22000005a 4500
001 17445
003 CL-ChBUA
005 20120815103636.0
008 070301s ag 000 0 spa
040 |a CL-ChBUA  |c CL-ChBUA 
082 0 0 |a 985.01 
090 |c 17445  |d 17445 
100 1 |a Casa, Bartolomé de las. 
245 1 0 |a Brevísima relación de la destrucción de los Incas 
260 |b EUDEBA.  |a Buenos Aires.  |c (195?). 
300 |c 22 cm. 
504 |a Indice. 
650 4 |a INCAS. 
942 |c LIB 
952 |0 0  |1 0  |4 0  |7 0  |9 24130  |a UNACH  |b UNACH  |c CP  |d 2007-03-05  |i 19.099.  |l 0  |o 985.01 / C 335.  |p 25129  |r 2013-09-12 00:00:00  |u 24130  |w 2012-08-08  |y LIB  |k 985.01 / C 335. 
999 |c 17445  |d 17445